LEADER 01607nam0-2200505---450- 001 990000991720203316 005 20080110140353.0 010 $a88-17-16687-1 035 $a0099172 035 $aUSA010099172 035 $a(ALEPH)000099172USA01 035 $a0099172 100 $a20020225d1988----km-y0ITAy01------ba 101 $aita$agrc 102 $aIT 105 $aa 00||| 200 1 $aGeografia$el'Italia (libri 5.-6.)$fStrabone$gintroduzione, traduzione e note di Anna Maria Biraschi 210 $aMilano$cBiblioteca universale Rizzoli$d1988 215 $a352 p.$cill.$d18 cm 225 2 $aBUR.$iL$v687 300 $aTesto orig. a fronte 311 $aDa: Geographika 410 0$12001$aBUR.$iL$v687 454 0$12001$aGeographika$927481 676 $a913.7 700 0$aSTRABO$0169725 702 1$aBIRASCHI,$bAnna Maria 801 0$aIT$bsalbc$gISBD 912 $a990000991720203316 951 $aV.1.A. 2(VARIE COLL.29/687)$b115905 LM$cVARIE COLL. 951 $aV.1.A. 2b(VARIE COLL.29/687BIS)$b115906 LM$cVARIE COLL. 951 $aV.1.A. 2a(VARIE COLL.29/687 A)$b115907 LM$cVARIE COLL. 959 $aBK 969 $aUMA 969 $aDBC 979 $aPATTY$b90$c20020225$lUSA01$h1738 979 $c20020403$lUSA01$h1741 979 $aPATRY$b90$c20040406$lUSA01$h1708 979 $aCOPAT3$b90$c20041229$lUSA01$h0935 979 $aCOPAT3$b90$c20050414$lUSA01$h1010 979 $aCOPAT5$b90$c20060530$lUSA01$h1110 979 $aRIVELLI$b90$c20071221$lUSA01$h1352 979 $aDBC$b90$c20080110$lUSA01$h1403 996 $aGeographika$927481 997 $aUNISA LEADER 01688nam 2200553 a 450 001 9910450492603321 005 20200520144314.0 010 $a1-282-86189-1 010 $a9786612861895 010 $a0-7735-7196-5 035 $a(CKB)1000000000245042 035 $a(SSID)ssj0000285637 035 $a(PQKBManifestationID)11247420 035 $a(PQKBTitleCode)TC0000285637 035 $a(PQKBWorkID)10322198 035 $a(PQKB)11111705 035 $a(MiAaPQ)EBC3330563 035 $a(CaPaEBR)400207 035 $a(CaBNvSL)gtp00521213 035 $a(MiAaPQ)EBC4634989 035 $a(Au-PeEL)EBL3330563 035 $a(CaPaEBR)ebr10132744 035 $a(CaONFJC)MIL286189 035 $a(OCoLC)929120761 035 $a(EXLCZ)991000000000245042 100 $a20040211d2004 uy 0 101 0 $aeng 135 $aurcn||||||||| 181 $ctxt 182 $cc 183 $acr 200 10$aWith skilful hand$b[electronic resource] $ethe story of King David /$fDavid T. Barnard 210 $aMontreal ;$aIthaca $cMcGill-Queen's University Press$d2004 215 $ax, 192 p 225 1 $aMcGill-Queen's studies in the history of religion ;$v29 300 $aBibliographic Level Mode of Issuance: Monograph 311 $a0-7735-2714-1 320 $aIncludes bibliographical references (p. [190]-192). 410 0$aMcGill-Queen's studies in the history of religion ;$v29. 608 $aElectronic books. 676 $a222/.4092 700 $aBarnard$b David T$0985181 801 0$bMiAaPQ 801 1$bMiAaPQ 801 2$bMiAaPQ 906 $aBOOK 912 $a9910450492603321 996 $aWith skilful hand$92251698 997 $aUNINA